000 00627nam a2200241Ia 4500
005 20260306153651.0
008 008 260114s9999 xx 000 0 eng d
020 _a9789814377294
037 _aEBOOK
040 _aCRL
040 _beng
040 _cCRL
041 _2eng
041 _aeng
084 _qCRL
245 0 _aState-Owned Enterprise Reform in Vietnam 1st ed
260 _bISEAS–Yusof Ishak Institute
260 _c2017
650 _aPolitical Science
856 _uhttps://www.cambridge.org/core/product/identifier/9789814377294/type/BOOK
942 _cEBOOK
999 _c1704379
_d1704379